000 00307nam a22001217a 4500
999 _c4515
_d4515
008 250226b ||||| |||| 00| 0 eng d
020 _a9780192757845
082 _a823.92 OWE
100 _aOWEN,LAURA
_eAUTHOR
245 _aWHIZZ-BANG WINNIE
260 _aGREAT BRITAIN
_bOXFORD UNIVERSITY PRESS
942 _2ddc